000 00291nam a22001217a 4500
008 181123b xxu||||| |||| 00| 0 eng d
041 _aeng
080 _a043.3
100 _a0
101 _aBTH-MK
245 _aDigjitalizimi dhe Pluraliteti Medial në Kosovë
_cVeliu,Xh
942 _2udc
_cBK
999 _c52451
_d52451